[Event "3rd Al Ain Chess Rapid"]
[Site "Al-Ain UAE"]
[Date "2014.12.18"]
[Round "4.26"]
[White "Mokal, Amruta Sunil"]
[Black "Al Shamisi, Hareb Nasser"]
[Result "1-0"]
[WhiteElo "2054"]
[BlackElo "1389"]
[WhiteFideId "5016371"]
[BlackFideId "9308067"]
[EventDate "2014.12.18"]

1. e4 e5 2. Nf3 Nc6 3. d4 exd4 4. Nxd4 Bb4+ 5. c3 Bc5 6. Be3 Bb6 7. Nd2 Nge7 8.
Bc4 O-O 9. Qh5 Na5 10. Bd3 d6 11. O-O Nac6 12. Bg5 Ne5 13. Bc2 Bg4 14. Qh4 f6
15. Bb3+ Kh8 16. Be3 N7g6 17. Qg3 h5 18. h3 h4 19. Qh2 Bd7 20. f4 Nd3 21. f5
Nge5 22. Rf4 Nxf4 23. Qxf4 Nf7 24. Qxh4+ Kg8 25. Qg4 Kh8 26. Qh5+ Kg8 27. Qg6 a5
28. Bh6 Kh8 29. Qxg7# 1-0

[Event "3rd Al Ain Chess Rapid"]
[Site "Al-Ain UAE"]
[Date "2014.12.18"]
[Round "4.27"]
[White "Abtini, Hasan"]
[Black "Shah Shilpa"]
[Result "1-0"]
[WhiteElo "1987"]
[BlackElo "1240"]
[WhiteFideId "7601506"]
[BlackFideId "25069691"]
[EventDate "2014.12.18"]

1. b3 Nf6 2. Bb2 b6 3. Nf3 Bb7 4. e3 g6 5. Be2 Bg7 6. O-O O-O 7. c4 d6 8. d3 Nc6
9. Nbd2 a5 10. a3 e6 11. Qc2 Ba6 12. Rfe1 b5 13. cxb5 Bxb5 14. Rac1 d5 15. d4 a4
16. Bxb5 Na5 17. b4 Nb7 18. Qxc7 Nd6 19. Qxd8 Rfxd8 20. Bc6 Ra7 21. b5 Rb8 22.
Bc3 Nxb5 23. Rb1 Nxc3 24. Rxb8+ Bf8 25. Ne5 Rc7 26. Ra8 Kg7 27. Bxa4 Nfe4 28.
Nxe4 Nxe4 29. Bb5 Rc2 30. Bd3 Rxf2 31. Bxe4 Ra2 32. Bf3 Kf6 33. Ra7 Be7 34. Ng4+
Kg7 35. Rxe7 Rxa3 36. Ne5 Kf8 37. Rxf7+ Kg8 38. Rb1 Ra8 39. Rbb7 Rf8 40. Rg7+
Kh8 41. Rxh7+ Kg8 42. Rbg7# 1-0

[Event "3rd Al Ain Chess Rapid"]
[Site "Al-Ain UAE"]
[Date "2014.12.18"]
[Round "4.28"]
[White "Raja Harshit"]
[Black "Shah Jiya"]
[Result "1-0"]
[WhiteElo "2116"]
[BlackElo "1063"]
[WhiteFideId "5089000"]
[BlackFideId "25041568"]
[EventDate "2014.12.18"]

1. e4 e5 2. f4 d5 3. exd5 exf4 4. Nf3 Nf6 5. Bc4 Bg4 6. O-O Bc5+ 7. d4 Bb6 8.
Re1+ Kf8 9. Nc3 Ba5 10. Bxf4 Bxc3 11. bxc3 Nxd5 12. Bxd5 Qxd5 13. Qe2 Qe6 14.
Qb5 Qc8 15. Ne5 a6 16. Qb4+ Kg8 17. Nxg4 g6 18. Nh6+ Kg7 19. Qe7 Rf8 20. Be5+ 1-0

[Event "3rd Al Ain Chess Rapid"]
[Site "Al-Ain UAE"]
[Date "2014.12.18"]
[Round "5.1"]
[White "Salem, A.R. Saleh"]
[Black "Mamedov, Rauf"]
[Result "1-0"]
[WhiteTitle "GM"]
[BlackTitle "GM"]
[WhiteElo "2586"]
[BlackElo "2658"]
[WhiteFideId "9301348"]
[BlackFideId "13401653"]
[EventDate "2014.12.18"]

1. d4 Nf6 2. c4 g6 3. Nc3 Bg7 4. e4 d6 5. f3 O-O 6. Be3 c5 7. Nge2 cxd4 8. Nxd4
Nc6 9. Qd2 Bd7 10. Be2 Nxd4 11. Bxd4 a5 12. b3 Bc6 13. O-O Nd7 14. Bxg7 Kxg7 15.
Kh1 Kg8 16. Bd3 Qb6 17. Rab1 Qd4 18. Ne2 Qg7 19. Bc2 Nc5 20. Nc3 Kh8 21. Rbe1 f5
22. exf5 gxf5 23. Nd5 Bxd5 24. cxd5 Rf6 25. f4 b6 26. Re3 Raf8 27. Qe2 R6f7 28.
Re1 Qd4 29. Qc4 Qxc4 30. bxc4 Re8 31. Bd1 Rc8 32. Bh5 Rg7 33. Rxe7 Rxe7 34. Rxe7
Ne4 35. Re8+ Rxe8 36. Bxe8 Kg7 37. g3 Kf6 38. Kg2 Nc3 39. a4 Ne4 40. Bb5 Nd2 41.
Kf2 Ne4+ 42. Ke3 Nc5 43. Bc6 Nb3 44. h3 h6 45. g4 Nc5 46. Bb5 Nb3 47. Bd7 fxg4
48. hxg4 Nc5 49. Bb5 Nb3 50. Bc6 Nc5 51. Kf3 Nd3 52. Kg3 Kg6 53. Bd7 Kf6 54. Be8
Nb2 55. Bb5 Nd3 56. Kf3 Nc5 57. Bc6 Nd3 58. Bd7 Nb2 59. Ke3 Nxc4+ 60. Kd3 Nb2+
61. Kd4 Nd1 62. Bb5 Nb2 63. Be8 Ke7 64. Bc6 Kf6 65. Bb5 Nd1 66. Bd3 Kg7 67. g5
hxg5 68. fxg5 Nf2 69. Bf5 Nd1 70. Bc2 Nf2 71. Kc4 Ng4 72. Kb5 Ne3 73. Bb3 Kg6
74. Kxb6 Kxg5 75. Kxa5 Kf6 76. Kb6 Ng4 77. a5 Ne5 78. a6 1-0

[Event "3rd Al Ain Chess Rapid"]
[Site "Al-Ain UAE"]
[Date "2014.12.18"]
[Round "5.3"]
[White "Kryvoruchko, Yuriy"]
[Black "Shyam, Sundar M."]
[Result "1-0"]
[WhiteTitle "GM"]
[BlackTitle "GM"]
[WhiteElo "2671"]
[BlackElo "2484"]
[WhiteFideId "14109182"]
[BlackFideId "5019141"]
[EventDate "2014.12.18"]

1. e4 d5 2. exd5 Qxd5 3. Nc3 Qd8 4. d4 Nf6 5. Bc4 a6 6. Nf3 b5 7. Bb3 c5 8. dxc5
Qxd1+ 9. Nxd1 e6 10. Be3 Bb7 11. a4 b4 12. c3 bxc3 13. Nxc3 Nbd7 14. Bc2 Bxc5
15. Bxc5 Nxc5 16. b4 Ncd7 17. O-O-O Ke7 18. Rd4 Rhc8 19. Kb2 Bxf3 20. gxf3 Ne5
21. f4 Nc6 22. Rc4 Nd5 23. b5 axb5 24. axb5 Rab8 25. Be4 Nxc3 26. Kxc3 Na7 27.
Rb1 f5 28. Bd3 Kd6 29. b6 Rxc4+ 30. Bxc4 Nc6 31. Rb5 g6 32. Be2 e5 33. fxe5+
Nxe5 34. b7 Nc6 35. Bf3 Nd8 36. Kd4 Nc6+ 37. Ke3 Nd8 38. Rb1 Ke5 39. Rb6 Ne6 40.
Rc6 f4+ 41. Kd3 Rxb7 42. Rxe6+ Kxe6 43. Bxb7 Ke5 44. Ke2 h5 45. h4 g5 46. hxg5
Kf5 47. Kf3 Kxg5 48. Bc8 1-0

[Event "3rd Al Ain Chess Rapid"]
[Site "Al-Ain UAE"]
[Date "2014.12.18"]
[Round "5.4"]
[White "Moskalenko, Viktor1"]
[Black "Petrosian, Tigran L."]
[Result "0-1"]
[WhiteTitle "GM"]
[BlackTitle "GM"]
[WhiteElo "2528"]
[BlackElo "2651"]
[WhiteFideId "14100100"]
[BlackFideId "13301616"]
[EventDate "2014.12.18"]

1. d4 d6 2. e4 g6 3. Be3 Bg7 4. Qd2 c6 5. c4 e5 6. Nc3 Nf6 7. dxe5 dxe5 8. Qxd8+
Kxd8 9. f3 Be6 10. b3 Kc7 11. O-O-O Na6 12. g3 Rad8 13. Bh3 Rxd1+ 14. Kxd1 Rd8+
15. Ke2 Bd7 16. Bxa7 Bxh3 17. Nxh3 b6 18. Na4 Nd7 19. Rd1 Bf6 20. Nf2 Be7 21.
Nd3 f6 22. c5 bxc5 23. b4 cxb4 24. Rc1 Ra8 25. Be3 Nab8 26. Ndb2 Ra5 27. Kd3 Na6
28. Kc2 Nac5 29. Bxc5 Nxc5 30. Nxc5 Bxc5 31. Kb1 Bd4 32. Nc4 Ra8 33. Rd1 c5 34.
Rd3 Kc6 35. a3 Ra6 36. Ka2 Ra8 37. Kb3 bxa3 38. Ka2 Ra4 0-1

[Event "3rd Al Ain Chess Rapid"]
[Site "Al-Ain UAE"]
[Date "2014.12.18"]
[Round "5.5"]
[White "Bajarani, Ulvi"]
[Black "Gupta, Abhijeet"]
[Result "1/2-1/2"]
[WhiteTitle "GM"]
[BlackTitle "GM"]
[WhiteElo "2494"]
[BlackElo "2632"]
[WhiteFideId "13403028"]
[BlackFideId "5010608"]
[EventDate "2014.12.18"]

1. e4 c5 2. Nf3 e6 3. d4 cxd4 4. Nxd4 Nc6 5. Nc3 Qc7 6. Be3 a6 7. Be2 Nf6 8. O-O
Be7 9. f4 d6 10. Qe1 Nxd4 11. Bxd4 b5 12. a3 Bb7 13. Bd3 e5 14. Be3 O-O 15. Kh1
Ng4 16. f5 Nxe3 17. Qxe3 Rfd8 18. f6 Bxf6 19. Rxf6 gxf6 20. Qh6 Qe7 21. Rf1 Kh8
22. Nd5 Bxd5 23. exd5 e4 24. Bxe4 Qxe4 25. Qxf6+ Kg8 26. Qxf7+ 1/2-1/2

[Event "3rd Al Ain Chess Rapid"]
[Site "Al-Ain UAE"]
[Date "2014.12.18"]
[Round "5.8"]
[White "Sagar, Shah"]
[Black "Ter-Sahakyan, Samvel"]
[Result "0-1"]
[BlackTitle "GM"]
[WhiteElo "2468"]
[BlackElo "2580"]
[WhiteFideId "5022509"]
[BlackFideId "13302531"]
[EventDate "2014.12.18"]

1. c4 e5 2. g3 f5 3. Nc3 Nf6 4. Nf3 Nc6 5. d4 e4 6. Nh4 d6 7. Bh3 g6 8. Bg5 Bg7
9. Qd2 Qe7 10. O-O Qf7 11. f3 exf3 12. exf3 O-O 13. d5 Ne5 14. b3 Bd7 15. Bg2
Rae8 16. h3 Bc8 17. g4 Qd7 18. Bh6 Bxh6 19. Qxh6 Qg7 20. Qd2 f4 21. Ne4 g5 22.
Nf5 Bxf5 23. gxf5 Nh5 24. h4 gxh4 25. Kh2 Rxf5 26. Bh3 Rff8 27. Qf2 Qg3+ 28.
Qxg3+ fxg3+ 29. Kh1 Nf4 30. Be6+ Rxe6 31. dxe6 g2+ 32. Kh2 gxf1=Q 33. Rxf1 Nxe6
34. Kh3 Nxf3 0-1

[Event "3rd Al Ain Chess Rapid"]
[Site "Al-Ain UAE"]
[Date "2014.12.18"]
[Round "5.9"]
[White "Mchedlishvili, Mikheil"]
[Black "Soumya, Swaminathan"]
[Result "1-0"]
[WhiteTitle "GM"]
[BlackTitle "WGM"]
[WhiteElo "2625"]
[BlackElo "2330"]
[WhiteFideId "13600966"]
[BlackFideId "5016193"]
[EventDate "2014.12.18"]

1. Nf3 Nf6 2. g3 d5 3. Bg2 c6 4. c4 Bg4 5. Ne5 Be6 6. cxd5 Bxd5 7. Nf3 c5 8. O-O
e6 9. Nc3 Bc6 10. Re1 Nbd7 11. e4 e5 12. d3 h6 13. Nd2 Be7 14. Nc4 b5 15. Ne3
Nb6 16. Nf5 O-O 17. Be3 Re8 18. Nxe7+ Qxe7 19. Rc1 Rad8 20. Qe2 c4 21. dxc4 Nxc4
22. Red1 Qb4 23. b3 Rxd1+ 24. Rxd1 Qxc3 25. Rc1 Qb4 26. bxc4 Bxe4 27. cxb5 Bxg2
28. Kxg2 Qa4 29. Qc4 Qa5 30. a4 e4 31. h3 Re6 32. Qb3 Ne8 33. Rc8 Kh7 34. Qd5
Nd6 35. Rc6 1-0

[Event "3rd Al Ain Chess Rapid"]
[Site "Al-Ain UAE"]
[Date "2014.12.18"]
[Round "5.10"]
[White "Aliyev, Elnur"]
[Black "Pourramezanali, Amirreza"]
[Result "0-1"]
[BlackTitle "IM"]
[WhiteElo "2141"]
[BlackElo "2427"]
[WhiteFideId "13402617"]
[BlackFideId "12511412"]
[EventDate "2014.12.18"]

1. e4 d6 2. d4 Nf6 3. Nc3 g6 4. f4 Bg7 5. Nf3 O-O 6. e5 dxe5 7. dxe5 Qxd1+ 8.
Kxd1 Nh5 9. Bc4 Bg4 10. Ke2 Nc6 11. Be3 Bxf3+ 12. Kxf3 Bxe5 13. Bd5 Bxc3 14.
Bxc6 Bxb2 15. Rab1 bxc6 16. Rxb2 Nf6 17. Rb7 Nd5 18. Bxa7 Nc3 19. a3 Rfc8 20.
Re1 e6 21. Re5 Nb5 22. Bc5 Nxa3 23. Re3 Nxc2 24. Rc3 Ra2 25. g4 Ne1+ 26. Kg3
Rg2+ 27. Kh3 Rd2 28. Kh4 Rcd8 29. Kg5 Kg7 30. Rxc7 h6+ 31. Kh4 Rxh2+ 32. Kg3
Rdd2 33. Bd4+ Kf8 34. Bc5+ Kg8 35. f5 g5 0-1

[Event "3rd Al Ain Chess Rapid"]
[Site "Al-Ain UAE"]
[Date "2014.12.18"]
[Round "5.12"]
[White "Asadli, Vugar"]
[Black "Kovchan, Alexander"]
[Result "1/2-1/2"]
[WhiteTitle "CM"]
[BlackTitle "GM"]
[WhiteElo "2043"]
[BlackElo "2569"]
[WhiteFideId "13405764"]
[BlackFideId "14103052"]
[EventDate "2014.12.18"]

1. e4 d5 2. exd5 Qxd5 3. Nc3 Qd6 4. Bc4 g6 5. d3 Bg7 6. Nge2 Nf6 7. O-O O-O 8.
Bf4 Qb6 9. Qd2 c6 10. Bb3 Na6 11. Ng3 Nc5 12. Qe3 e5 13. Qxe5 Nfe4 14. Qc7 Nxc3
15. bxc3 Qxc7 16. Bxc7 Nxb3 17. axb3 Bxc3 18. Ra4 b5 19. Ra2 f5 20. Ne2 Bf6 21.
Re1 Re8 22. Kf1 Bb7 23. d4 a6 24. c3 Kf7 25. b4 Re7 26. Bb6 Rae8 27. Raa1 Bc8
28. Nf4 Rxe1+ 29. Rxe1 Rxe1+ 30. Kxe1 g5 31. Nd3 Ke6 32. f4 Kd5 33. Bc7 Bd7 34.
Ke2 Be8 35. fxg5 Bxg5 36. Bf4 Bd8 37. Ne5 a5 38. bxa5 Bxa5 39. Kd3 c5 40. dxc5
Kxc5 41. Nf3 Kd5 42. Nd4 Bd7 43. g3 Bd8 44. Nc2 Ke6 45. Nd4+ Kf6 46. Nf3 Bb6 47.
Be3 Bc7 48. Bf4 Ba5 49. Be3 Bc6 50. Bg5+ Kg7 51. Nd4 Be4+ 52. Kd2 b4 53. cxb4
Bxb4+ 54. Ke2 Kg6 55. Be3 Bd6 56. Ne6 Kh5 57. Nf4+ Kg4 58. Kf2 Bxf4 1/2-1/2

[Event "3rd Al Ain Chess Rapid"]
[Site "Al-Ain UAE"]
[Date "2014.12.18"]
[Round "5.13"]
[White "Gasanov, Eldar"]
[Black "Suhail, Sokari"]
[Result "1-0"]
[WhiteTitle "GM"]
[WhiteElo "2526"]
[BlackElo "1912"]
[WhiteFideId "14104466"]
[BlackFideId "7604530"]
[EventDate "2014.12.18"]

1. d4 Nf6 2. Bg5 g6 3. c3 Bg7 4. Nd2 d5 5. e3 O-O 6. Bd3 Nbd7 7. f4 c5 8. Nh3
Qb6 9. Rb1 Re8 10. O-O Nf8 11. Nf2 Bd7 12. Qe2 a6 13. b4 cxd4 14. cxd4 Bb5 15.
Nb3 Bxd3 16. Qxd3 Qxb4 17. Nc5 Qa5 18. Rxb7 Qxa2 19. Qc3 Ne6 20. Nxe6 fxe6 21.
Bxf6 Bxf6 22. Qc6 Qc4 23. Qxe6+ Kh8 24. Ng4 Qc8 25. Rd7 Bg7 26. Ne5 Bxe5 27.
Qxe5+ Kg8 28. Qxd5+ e6 29. Qd6 Qb8 30. Rc7 Qd8 31. Qe5 Re7 32. Rfc1 Rb8 33. Rxe7 1-0

[Event "3rd Al Ain Chess Rapid"]
[Site "Al-Ain UAE"]
[Date "2014.12.18"]
[Round "5.14"]
[White "Hayrapetyan, Hovik"]
[Black "Abdumalik, Zhansaya"]
[Result "1-0"]
[WhiteTitle "GM"]
[BlackTitle "WGM"]
[WhiteElo "2441"]
[BlackElo "2332"]
[WhiteFideId "13302639"]
[BlackFideId "13703544"]
[EventDate "2014.12.18"]

1. d4 Nf6 2. c4 g6 3. Nc3 d5 4. Nf3 Bg7 5. cxd5 Nxd5 6. e4 Nxc3 7. bxc3 c5 8.
Rb1 O-O 9. Be2 cxd4 10. cxd4 Qa5+ 11. Qd2 Qxd2+ 12. Bxd2 Nc6 13. d5 Nd4 14. Nxd4
Bxd4 15. O-O b6 16. Bb4 Bf6 17. f4 a5 18. Ba3 Bd4+ 19. Kh1 Ra7 20. Rfd1 Be3 21.
g3 g5 22. Kg2 Rc7 23. Kf3 gxf4 24. gxf4 Bc5 25. Bxc5 Rxc5 26. Rxb6 Rc2 27. a4
Ra2 28. Rd4 Rd8 29. f5 Bd7 30. Bb5 Rxh2 31. Rb7 Bxb5 32. axb5 Rh3+ 33. Kg4 Rb3
34. Rxe7 Rxb5 35. Rc4 a4 36. Rxa4 Kg7 37. Raa7 Rf8 38. e5 h5+ 39. Kg5 Rxd5 40.
e6 h4 41. Rxf7+ Rxf7 42. Rxf7+ Kg8 43. Kxh4 1-0

[Event "3rd Al Ain Chess Rapid"]
[Site "Al-Ain UAE"]
[Date "2014.12.18"]
[Round "5.15"]
[White "Tagelsir, Abubaker"]
[Black "Oleksienko, Mikhailo"]
[Result "0-1"]
[WhiteTitle "FM"]
[BlackTitle "GM"]
[WhiteElo "2029"]
[BlackElo "2621"]
[WhiteFideId "12200875"]
[BlackFideId "4152417"]
[EventDate "2014.12.18"]

1. e4 c5 2. Nc3 e6 3. g3 Nc6 4. Bg2 g6 5. Nge2 Bg7 6. d3 Nge7 7. O-O O-O 8. Be3
Nd4 9. Qd2 d5 10. exd5 exd5 11. Nf4 Bg4 12. Bxd4 cxd4 13. Ncxd5 Nc6 14. Nb4 Ne5
15. f3 Bf5 16. a3 Rc8 17. Rae1 h5 18. Re2 h4 19. g4 Bd7 20. Nh3 a5 21. Na2 Qb6
22. Nc1 Qxb2 23. Rfe1 Nc6 24. Qg5 Rfe8 25. Nb3 Rxe2 26. Rxe2 Qxa3 27. Qxh4 a4
28. Nd2 Qc1+ 29. Nf1 a3 30. Re1 Qxc2 31. Ng5 a2 32. f4 Re8 33. Qh7+ Kf8 34. Ra1
Qb2 35. Bd5 Qxa1 36. Bxf7 Qxf1+ 0-1

[Event "3rd Al Ain Chess Rapid"]
[Site "Al-Ain UAE"]
[Date "2014.12.18"]
[Round "5.16"]
[White "Mohammed, Tarig Elther"]
[Black "Hilwani, Talal"]
[Result "0-1"]
[WhiteElo "2044"]
[BlackElo "2274"]
[WhiteFideId "12200964"]
[BlackFideId "7600410"]
[EventDate "2014.12.18"]

1. d4 Nf6 2. Nf3 c5 3. Nc3 cxd4 4. Nxd4 d5 5. Bg5 e6 6. e3 Be7 7. Bd3 h6 8. Bh4
Nc6 9. Bg3 O-O 10. O-O Bd7 11. a3 Rc8 12. Rc1 Qb6 13. Rb1 Na5 14. Nce2 Nc4 15.
Bxc4 Rxc4 16. c3 Ne4 17. Be5 Re8 18. f3 Nd6 19. Kh1 Bf8 20. Qe1 Rcc8 21. Bg3 Nc4
22. Qc1 e5 23. Nc2 Bf5 24. Bf2 Qb3 25. e4 dxe4 26. Ng3 e3 27. Nxf5 exf2 28. Rxf2
Rcd8 29. Nce3 Nb6 30. Qc2 Qe6 31. Rd1 g6 32. Ng3 f5 33. Nef1 h5 34. Rfd2 Rxd2
35. Qxd2 h4 36. Ne2 Nc4 37. Qg5 Be7 38. Qc1 Kg7 39. Ne3 Bg5 40. f4 exf4 41. Nxc4
Qxe2 42. Nd6 Re7 43. Qb1 f3 44. Rg1 Be3 45. Nxf5+ gxf5 46. Qxf5 f2 47. Qf3 Qxf3 0-1

[Event "3rd Al Ain Chess Rapid"]
[Site "Al-Ain UAE"]
[Date "2014.12.18"]
[Round "5.17"]
[White "Gasimov, Parviz"]
[Black "Mokal, Amruta Sunil"]
[Result "1-0"]
[WhiteTitle "CM"]
[WhiteElo "2295"]
[BlackElo "2054"]
[WhiteFideId "13408798"]
[BlackFideId "5016371"]
[EventDate "2014.12.18"]

1. e4 c5 2. Nf3 e6 3. c3 Nf6 4. e5 Nd5 5. d4 cxd4 6. Qxd4 Nc6 7. Qe4 d6 8. Bb5
Bd7 9. c4 Nc7 10. exd6 Bxd6 11. O-O f5 12. Qe2 O-O 13. Rd1 Ne8 14. Bxc6 bxc6 15.
Ne5 Bxe5 16. Qxe5 Qe7 17. Be3 Rf7 18. Nc3 Qh4 19. Rd4 Qf6 20. Bf4 Qxe5 21. Bxe5
c5 22. Rd2 Bc6 23. Rad1 Rb7 24. b3 Kf7 25. Ne2 Nf6 26. Rd6 Rc8 27. f3 Rd7 28.
Nf4 Rcd8 29. Nxe6 Re8 30. Ng5+ Kg6 31. Bxf6 gxf6 32. Rxd7 Bxd7 33. Rxd7 Kxg5 34.
Rxa7 Re2 35. a4 Rb2 36. Rb7 h5 37. h3 Kf4 38. Kh2 h4 39. a5 Ra2 40. Rb5 Ra3 41.
Rxc5 Rxb3 42. Rb5 Ra3 43. c5 Ke5 44. c6+ Kd6 45. Rxf5 Kxc6 46. Rxf6+ Kd5 47. Rf4
Ke6 48. Rxh4 Rxa5 49. Rh6+ Kf7 50. h4 Kg7 51. Rb6 Ra4 52. Kh3 Rc4 53. g4 Rc3 54.
Kg3 Rc4 55. h5 Kh7 56. Kh4 Kg7 57. Rb7+ Kg8 58. h6 Rc1 59. g5 1-0

[Event "3rd Al Ain Chess Rapid"]
[Site "Al-Ain UAE"]
[Date "2014.12.18"]
[Round "5.18"]
[White "Bunyatov, Rustam"]
[Black "Safranska, Anda"]
[Result "0-1"]
[WhiteTitle "CM"]
[BlackTitle "WGM"]
[WhiteElo "2077"]
[BlackElo "2267"]
[WhiteFideId "13410210"]
[BlackFideId "11600209"]
[EventDate "2014.12.18"]

1. c4 g6 2. g3 Bg7 3. Bg2 Nf6 4. Nc3 O-O 5. d3 d6 6. e3 e5 7. Nge2 Nc6 8. O-O
Be6 9. Nd5 Ne8 10. Rb1 a5 11. a3 Rb8 12. b4 axb4 13. axb4 Ne7 14. Nxe7+ Qxe7 15.
b5 f5 16. Bb2 Nf6 17. Ra1 b6 18. Qc2 h5 19. d4 Nd7 20. Ra7 Rbc8 21. Rfa1 h4 22.
Rb7 hxg3 23. hxg3 g5 24. Raa7 Qd8 25. d5 Bf7 26. Qxf5 Nc5 27. Be4 Re8 28. Qh7+
Kf8 29. Bf5 Nxb7 30. Rxb7 Rb8 31. Rxb8 Qxb8 32. e4 Qd8 33. Bc1 Qf6 34. Qh3 Qh6
35. Qg4 Bf6 36. Qf3 Kg7 37. g4 Rh8 38. Ng3 Qh2+ 39. Kf1 Ra8 40. Bd2 Ra1+ 41. Be1
Qh3+ 42. Ke2 Ra2+ 43. Bd2 Qh2 44. Be6 Bg6 45. Bf5 Qg1 46. Bxg6 Qc1 47. Nh5+ Kh6
48. Qxf6 Rxd2+ 49. Kf3 Qh1+ 50. Ke3 Qe1+ 51. Kf3 Qh1+ 52. Ke3 Qe1+ 53. Kf3 Rxf2+ 0-1

[Event "3rd Al Ain Chess Rapid"]
[Site "Al-Ain UAE"]
[Date "2014.12.18"]
[Round "5.19"]
[White "Petrosyan, Manuel"]
[Black "Raja Harshit"]
[Result "1/2-1/2"]
[WhiteTitle "FM"]
[WhiteElo "2407"]
[BlackElo "2116"]
[WhiteFideId "13300857"]
[BlackFideId "5089000"]
[EventDate "2014.12.18"]

1. Nf3 d5 2. c4 c6 3. g3 Bg4 4. Bg2 Nd7 5. cxd5 cxd5 6. Qb3 Ngf6 7. Qxb7 e5 8.
Qb5 Rb8 9. Qa4 Rb4 10. Qd1 e4 11. Ng5 Ne5 12. O-O h6 13. Nh3 Qd7 14. a3 Rb6 15.
Nf4 g5 16. d4 Nc6 17. f3 Bf5 18. Nxd5 Qxd5 19. fxe4 Nxe4 20. Nc3 Nxc3 21. bxc3
Qd7 22. e4 Bg4 23. Qa4 Bg7 24. Be3 Rb2 25. Rfb1 Rxg2+ 26. Kxg2 Bf3+ 27. Kg1 Bxe4
28. Rb2 O-O 29. Rf1 Bd5 30. c4 Qe7 31. Bf2 Bf3 32. Rd2 Rd8 33. d5 Ne5 34. Qb3 g4
35. d6 Qg5 36. Be3 Qg6 37. Bf4 Ba8 38. Bxe5 Bxe5 39. Qe3 Rxd6 40. Qxe5 Rxd2 41.
Qe8+ Kg7 42. Qxa8 Qb6+ 43. Kh1 Qb2 44. Qe4 Rxh2+ 45. Kg1 Re2 46. Qxg4+ Kh8 47.
Qf3 Qd4+ 48. Kh1 Qxc4 49. Qxf7 Qc6+ 50. Qf3 Qxf3+ 51. Rxf3 Kg7 52. Rb3 Kg6 53.
Rb7 Kg5 54. Rxa7 Kg4 55. Rg7+ Kh3 56. Kg1 Ra2 57. Rg6 h5 58. Rg5 Rxa3 59. Rxh5+ 1/2-1/2

[Event "3rd Al Ain Chess Rapid"]
[Site "Al-Ain UAE"]
[Date "2014.12.18"]
[Round "5.20"]
[White "Puranik, Abhimanyu"]
[Black "Abtini, Hasan"]
[Result "1-0"]
[WhiteTitle "CM"]
[WhiteElo "2255"]
[BlackElo "1987"]
[WhiteFideId "5061245"]
[BlackFideId "7601506"]
[EventDate "2014.12.18"]

1. e4 c5 2. Nf3 e6 3. c3 d5 4. e5 Nc6 5. d4 Qb6 6. a3 cxd4 7. cxd4 Nge7 8. b4
Nf5 9. Be3 Bd7 10. Bd3 Nxe3 11. fxe3 g6 12. Nc3 Bh6 13. Qe2 a6 14. Na4 Qa7 15.
Nc5 Bc8 16. O-O b6 17. Nb3 O-O 1-0

[Event "3rd Al Ain Chess Rapid"]
[Site "Al-Ain UAE"]
[Date "2014.12.18"]
[Round "5.22"]
[White "Safarov, Zirva"]
[Black "Mayed AlRashedi"]
[Result "1-0"]
[BlackTitle "FM"]
[WhiteElo "2104"]
[BlackElo "1908"]
[WhiteFideId "13413040"]
[BlackFideId "9303871"]
[EventDate "2014.12.18"]

1. e4 e5 2. Nf3 Nc6 3. Bb5 Nge7 4. O-O g6 5. c3 Bg7 6. d4 exd4 7. cxd4 a6 8. Ba4
b5 9. Bc2 d6 10. h3 O-O 11. a3 Na5 12. Qe2 c5 13. Rd1 Qb6 14. d5 f5 15. e5 dxe5
16. Nxe5 Qd6 17. Bf4 g5 18. Bh2 f4 19. Nf3 Bxb2 20. Bxh7+ Kxh7 21. Qxb2 Rg8 22.
Nc3 Nc4 23. Qc1 Ng6 24. Nxg5+ Kg7 25. Nge4 Qf8 26. a4 b4 27. Ne2 Nge5 28. Bxf4
Kh8 29. N2g3 b3 30. Qc3 Qg7 31. Bxe5 Qxe5 32. Qxc4 b2 33. Rab1 Bf5 34. Nxf5 Qxf5
35. Qc3+ Rg7 36. Ng3 1-0

[Event "3rd Al Ain Chess Rapid"]
[Site "Al-Ain UAE"]
[Date "2014.12.18"]
[Round "5.24"]
[White "Sameir, Ramez"]
[Black "Bahari Rad, Alireza"]
[Result "1-0"]
[WhiteElo "2128"]
[BlackElo "2129"]
[WhiteFideId "10606017"]
[BlackFideId "12513180"]
[EventDate "2014.12.18"]

1. e4 c6 2. d4 d5 3. Nc3 dxe4 4. Nxe4 Bf5 5. Ng3 Bg6 6. Nf3 Nd7 7. h4 h6 8. h5
Bh7 9. Bd3 Bxd3 10. Qxd3 e6 11. Bd2 Qc7 12. O-O-O O-O-O 13. Kb1 Ngf6 14. Ne4
Nxe4 15. Qxe4 Bd6 16. c4 c5 17. Bc3 Nf6 18. Qe2 cxd4 19. Bxd4 Bc5 20. Bxc5 Qxc5
21. Ne5 Qc7 22. f4 Rxd1+ 23. Rxd1 Rd8 24. Rxd8+ Kxd8 25. g4 Ke7 26. Qd2 Nd7 27.
Qb4+ Ke8 28. Qa4 a6 29. c5 Ke7 30. Nxd7 Qxd7 31. Qxd7+ Kxd7 32. Kc2 Kc6 33. b4
a5 34. Kc3 axb4+ 35. Kxb4 f6 36. Kc4 e5 37. fxe5 fxe5 38. a3 e4 39. Kd4 e3 40.
Kxe3 Kxc5 41. Kf4 Kc4 42. Kf5 b5 43. Kg6 Kb3 44. Kxg7 Kxa3 45. g5 hxg5 46. h6 b4
47. h7 b3 48. h8=Q b2 49. Qa8+ Kb3 50. Qe4 Ka2 51. Qc2 Ka1 52. Qa4+ Kb1 53. Kg6
Kc1 54. Qc4+ Kd2 55. Qb3 Kc1 56. Qc3+ Kb1 57. Kxg5 Ka2 58. Qc2 Ka1 59. Qa4+ 1-0

[Event "3rd Al Ain Chess Rapid"]
[Site "Al-Ain UAE"]
[Date "2014.12.18"]
[Round "5.25"]
[White "Omar, Noaman"]
[Black "Lodhi, Mahmood"]
[Result "0-1"]
[WhiteTitle "IM"]
[BlackTitle "IM"]
[WhiteElo "2346"]
[BlackElo "2328"]
[WhiteFideId "9300244"]
[BlackFideId "7800010"]
[EventDate "2014.12.18"]

1. d4 Nf6 2. c4 e5 3. dxe5 Ng4 4. e3 Nxe5 5. Nc3 Nbc6 6. f4 Ng6 7. Bd3 Bc5 8. a3
a5 9. Qh5 d6 10. Nf3 O-O 11. Bd2 Re8 12. O-O-O Nf8 13. Nd5 Be6 14. Ng5 h6 15. h4
Nb8 16. Ne4 Nbd7 17. Kb1 c6 18. Ndc3 Ba7 19. g4 d5 20. g5 dxe4 21. Bxe4 Bxc4 22.
Bc1 Qe7 23. gxh6 g6 24. h7+ Nxh7 25. Rhg1 Ndf6 26. Qh6 Nxe4 27. Rxg6+ fxg6 28.
Nxe4 Qxe4+ 29. Ka1 Rad8 30. Rg1 Nf8 31. h5 Re6 32. Rh1 Qxh1 0-1

[Event "3rd Al Ain Chess Rapid"]
[Site "Al-Ain UAE"]
[Date "2014.12.18"]
[Round "5.26"]
[White "Ahadzade, Kanan"]
[Black "Fawwaz, Mohammed"]
[Result "1-0"]
[WhiteElo "1909"]
[BlackElo "1298"]
[WhiteFideId "13405640"]
[BlackFideId "35064193"]
[EventDate "2014.12.18"]

1. e4 e5 2. Nc3 Nf6 3. g3 d6 4. Bg2 Nc6 5. Nge2 Be7 6. d3 h6 7. O-O O-O 8. h3
Be6 9. f4 exf4 10. gxf4 d5 11. e5 Ne8 12. f5 d4 13. Ne4 Bd5 14. f6 gxf6 15. exf6
Nxf6 16. Nxf6+ Bxf6 17. Bxd5 Qxd5 18. Rxf6 Kh7 19. Rxh6+ Kg7 20. Ng3 Rg8 21. Rh5
Qd6 22. Bh6+ Qxh6 23. Rxh6 Kxh6 24. Qh5+ Kg7 25. Rf1 Rgf8 26. Rf4 Rae8 27. Qg5+ 1-0